| 000 | 00690nam a22001337a 4500 | ||
|---|---|---|---|
| 040 | _cRUA | ||
| 082 | _aAGR UCH 2015 B475 Or.1 | ||
| 100 | _aUCH SEREY; អ៊ុចសេរី | ||
| 245 | _aStudy on rice post-harvest techniques of farmers in sankat banteay dey, pursat town, pursat province; សិក្សាទៅលើបច្ចេកទេសក្រោយពេលប្រមូលផលស្រូវរបស់កសិករ នៅសង្កាត់បន្ទាយដី ក្រុងពោធិ៍សាត់ ខេត្តពោធិ៍សាត់ | ||
| 260 |
_aPhnom Penh _bRUA _c2015 |
||
| 300 |
_aix;41p. _bill. _c29cm. |
||
| 856 | _u UCH SEREY | ||
| 942 | _cAGR | ||
| 999 |
_c8080 _d8080 |
||